[Event "CZE-chT2D 1415"]
[Site "Czech Republic"]
[Date "2015.01.25"]
[Round "6.6"]
[White "Petrasek, Kamil"]
[Black "Fisar, Josef"]
[Result "0-1"]
[WhiteElo "1745"]
[BlackElo "2066"]
[PlyCount "50"]
[EventDate "2014.11.02"]
[EventType "team-tourn"]
[EventRounds "11"]
[EventCountry "CZE"]
[SourceTitle "EXT 2022"]
[Source "ChessBase"]
[SourceDate "2021.10.06"]
[SourceVersion "1"]
[SourceVersionDate "2021.10.06"]
[SourceQuality "1"]
[WhiteTeam "Policka Stefanydes II"]
[BlackTeam "Zdar nad Sazavou"]
[WhiteTeamCountry "CZE"]
[BlackTeamCountry "CZE"]

1. e4 d5 2. exd5 Qxd5 3. d4 Nc6 4. Be3 e5 5. Nc3 Bb4 6. Nf3 Bg4 7. Be2 exd4 8. Bxd4 Nxd4 9. Nxd4 Qxg2 10. Bf3 Qxh1+ 11. Bxh1 Bxd1 12. Rxd1 Bxc3+ 13. bxc3 0-0-0 14. Rb1 c6 15. Bf3 Nf6 16. Nf5 g6 17. Ne3 Rhe8 18. Kf1 Ne4 19. Bxe4 Rxe4 20. Kg2 Rd2 21. Kf3 Rh4 22. Kg3 Ra4 23. Rb2 f5 24. c4 f4+ 25. Kxf4 Rxf2+ 0-1

[Event "CZE-chTB U20 1112"]
[Site "Czech Republic"]
[Date "2012.04.25"]
[Round "7.3"]
[White "Vykouk, Jan"]
[Black "Petrasek, Kamil"]
[Result "1/2-1/2"]
[WhiteElo "1873"]
[BlackElo "1697"]
[PlyCount "103"]
[EventDate "2012.04.13"]
[EventType "team-tourn"]
[EventRounds "7"]
[EventCountry "CZE"]
[SourceTitle "CBM 148 Extra"]
[Source "ChessBase"]
[SourceDate "2012.06.22"]
[SourceVersion "1"]
[SourceVersionDate "2012.06.22"]
[SourceQuality "1"]
[WhiteTeam "Most"]
[BlackTeam "Policka"]
[WhiteTeamCountry "CZE"]
[BlackTeamCountry "CZE"]

1. e4 e5 2. Nf3 Nc6 3. Bc4 Bc5 4. c3 Nf6 5. d3 d6 6. b4 Bb6 7. a4 a6 8. 0-0 0-0 9. Bg5 h6 10. Bh4 Be6 11. Nbd2 Qe7 12. Qb3 Bxc4 13. Nxc4 Qe6 14. Bxf6 Qxf6 15. Ne3 Qe6 16. Qa2 g6 17. Nd5 Ne7 18. a5 Nxd5 19. exd5 Qf5 20. axb6 cxb6 21. Qe2 Rac8 22. c4 g5 23. Nd2 Qg6 24. Rac1 f5 25. Nb3 Qf7 26. Qe3 f4 27. Qh3 Kg7 28. Qe6 Qxe6 29. dxe6 Rfe8 30. f3 Rxe6 31. Rfe1 Kf6 32. Re2 d5 33. Rec2 dxc4 34. Rxc4 Rd8 35. R1c3 Red6 36. Nc1 Ke6 37. Rc7 Rd4 38. R3c4 b5 39. Rxd4 Rxd4 40. Rc2 Rxb4 41. Kf2 Kd5 42. Ke2 a5 43. Kd2 a4 44. Kc3 Rb1 45. Na2 Rb3+ 46. Kd2 Kd4 47. Nc1 Rb4 48. Ne2+ Kd5 49. Nc3+ Kd4 50. Ne4 Rb1 51. Rc8 Rb2+ 52. Rc2 1/2-1/2

[Event "CZE Czechia-ch U16"]
[Site "Harrachov"]
[Date "2009.10.29"]
[Round "7"]
[White "Sabolova, Kristyna"]
[Black "Petrasek, Kamil"]
[Result "1-0"]
[WhiteElo "1765"]
[BlackElo "1574"]
[PlyCount "65"]
[EventDate "2009.10.24"]
[EventType "swiss"]
[EventRounds "9"]
[EventCountry "CZE"]
[SourceTitle "EXT 2012"]
[Source "ChessBase"]
[SourceDate "2011.11.24"]
[SourceVersion "1"]
[SourceVersionDate "2011.11.24"]
[SourceQuality "1"]

1. d4 d5 2. Nf3 Nc6 3. e3 Nf6 4. Be2 Bf5 5. c3 e6 6. Nbd2 Bd6 7. b3 0-0 8. Bb2 Re8 9. Nh4 Bg6 10. Nxg6 fxg6 11. f4 Qd7 12. 0-0 Ne7 13. g4 h6 14. Qe1 Nh7 15. Bd3 Rf8 16. Qh4 a6 17. Nf3 Rf7 18. Rf2 Raf8 19. Raf1 c6 20. c4 Bc7 21. Ba3 Re8 22. Bxe7 Rexe7 23. g5 Nf8 24. gxh6 gxh6 25. Qxh6 Rh7 26. Qg5 Rh5 27. Qg4 Reh7 28. Rg2 R5h6 29. Ne5 Bxe5 30. fxe5 Rg7 31. Rf6 Qe8 32. Rgf2 Nd7 33. Qxe6+ 1-0

[Event "CZE Czechia-ch U16"]
[Site "Harrachov"]
[Date "2009.10.24"]
[Round "1"]
[White "Petrasek, Kamil"]
[Black "Papay, Marek"]
[Result "1-0"]
[WhiteElo "1574"]
[BlackElo "1926"]
[PlyCount "113"]
[EventDate "2009.10.24"]
[EventType "swiss"]
[EventRounds "9"]
[EventCountry "CZE"]
[SourceTitle "EXT 2012"]
[Source "ChessBase"]
[SourceDate "2011.11.24"]
[SourceVersion "1"]
[SourceVersionDate "2011.11.24"]
[SourceQuality "1"]

1. e4 c5 2. Nc3 e6 3. Bc4 d6 4. Nf3 Nc6 5. d3 Nge7 6. 0-0 g6 7. Bg5 Bg7 8. Re1 0-0 9. Qd2 a6 10. a3 Qc7 11. Rab1 Nd4 12. Nxd4 cxd4 13. Ne2 b5 14. Ba2 Bb7 15. Ng3 Rfd8 16. Rbc1 d5 17. Qf4 Qxf4 18. Bxf4 dxe4 19. Nxe4 Bxe4 20. Rxe4 Nd5 21. Bd2 Rac8 22. g3 Rc6 23. Re2 Nb6 24. Ba5 Rdc8 25. Bxb6 Rxb6 26. Bb1 b4 27. Ree1 bxa3 28. bxa3 Rc3 29. Ba2 Rxa3 30. Bb3 Rb5 31. Ra1 Rxa1 32. Rxa1 a5 33. Ra4 Kf8 34. Kf1 Ke7 35. f3 Kd6 36. Kf2 f5 37. Rc4 Rc5 38. Ra4 h6 39. Ra1 e5 40. Rb1 Rb5 41. Ra1 Bf6 42. Bc4 Rc5 43. Rb1 Bd8 44. Rb8 Bc7 45. Rg8 Rxc4 46. dxc4 e4 47. Rxg6+ Kc5 48. Rxh6 a4 49. Ra6 Kb4 50. h4 Ba5 51. h5 a3 52. h6 a2 53. h7 a1Q 54. h8Q e3+ 55. Kg2 e2 56. Qb8+ Kc5 57. Qb5# 1-0

[Event "CZE-ch U14"]
[Site "Sec u Chrudimi"]
[Date "2008.10.30"]
[Round "7"]
[White "Petrasek, Kamil"]
[Black "Cesanek, Jaroslav1111"]
[Result "1/2-1/2"]
[WhiteElo "1432"]
[BlackElo "1377"]
[PlyCount "44"]
[EventDate "2008.10.25"]
[EventType "swiss"]
[EventRounds "9"]
[EventCountry "CZE"]
[SourceTitle "EXT 2022"]
[Source "ChessBase"]
[SourceDate "2021.10.06"]
[SourceVersion "1"]
[SourceVersionDate "2021.10.06"]
[SourceQuality "1"]

1. e4 d5 2. Nc3 dxe4 3. Nxe4 Bf5 4. Nc3 Nf6 5. Nf3 c5 6. Bc4 e6 7. h3 Nc6 8. d3 h6 9. Be3 Bd6 10. a3 0-0 11. 0-0 Qc7 12. Nb5 Qd7 13. Nxd6 Qxd6 14. Qd2 Nd5 15. Bxd5 Qxd5 16. Nh4 Rfd8 17. Qc3 b6 18. Nxf5 Qxf5 19. Qc4 Nd4 20. Bxd4 Rxd4 21. Qc3 Rc8 22. b3 Rd5 1/2-1/2

[Event "CZE-ch U14"]
[Site "Sec u Chrudimi"]
[Date "2008.10.26"]
[Round "2"]
[White "Hrdina, Robin"]
[Black "Petrasek, Kamil"]
[Result "1/2-1/2"]
[WhiteElo "1636"]
[BlackElo "1432"]
[PlyCount "120"]
[EventDate "2008.10.25"]
[EventType "swiss"]
[EventRounds "9"]
[EventCountry "CZE"]
[SourceTitle "EXT 2022"]
[Source "ChessBase"]
[SourceDate "2021.10.06"]
[SourceVersion "1"]
[SourceVersionDate "2021.10.06"]
[SourceQuality "1"]

1. e4 e5 2. Nc3 Bc5 3. Bc4 Nf6 4. d3 h6 5. Be3 Bxe3 6. fxe3 d6 7. Qe2 Nc6 8. a3 Be6 9. Bxe6 fxe6 10. 0-0-0 Qd7 11. Nf3 0-0-0 12. d4 a6 13. dxe5 Ng4 14. exd6 cxd6 15. Nd4 Nge5 16. Nf3 Qc7 17. Rhf1 Nxf3 18. Rxf3 Ne5 19. Rf4 Kb8 20. Kb1 Nc4 21. Rdf1 Nxa3+ 22. bxa3 Qxc3 23. Ka2 Rc8 24. R1f2 Rc5 25. Qd1 Kc7 26. Rf7+ Kc6 27. Qb1 Rb5 28. Qc1 Qc4+ 29. Ka1 Rb3 30. Rf1 Rc3 31. Qb2 Rb8 32. Kb1 Qc5 33. Rxg7 Rxa3 34. Rff7 Qb5 35. Qxb5+ Kxb5 36. Rf6 Rxe3 37. Rxe6 d5 38. exd5 Rxe6 39. dxe6 Re8 40. Rg6 h5 41. Rg5+ Kc6 42. Rxh5 Rxe6 43. Rg5 Rh6 44. h3 b5 45. Kb2 a5 46. c4 bxc4 47. Rxa5 Rh4 48. Kc3 Kb6 49. Rg5 Kc6 50. Rg4 Rxg4 51. hxg4 Kd5 52. g3 Ke5 53. Kxc4 Kf6 54. Kd4 Kg5 55. Ke3 Kxg4 56. Kf2 Kg5 57. Kf3 Kf5 58. g4+ Kg5 59. Kg3 Kg6 60. Kf3 Kg5 1/2-1/2